Farmakológia teoretická príprava a návody na praktické cvičenia

Bibliographic Details
Main Authors: Račanská, Eva, 1949- (Author), Holub, Peter (Author), Matejka, Peter (Author), Švec, Pavel, 1940-2015 (Author)
Format: Book
Language:Slovak
PhysicalDescription:127 s. sch., tab. 29 cm
Published: Bratislava Univerzita Komenského 2008
ISBN:9788022324571
Edition:2. vyd.
Subjects:

MARC

LEADER 00000nam a2200000 a 4500
001 vtls009306503
003 SK-MaSNL
005 20260301210801.0
008 240318s2008 xo l d p 000 0 slo
015 |a SNBA2008/06-02726 
020 |a 9788022324571  |q (brož.) 
035 |a 7F6830E6-5E1B-46CC-9A03-9EAEB5CBEEEC 
035 |a urn:nbn:sk:snk-amksv2 
035 |a urn:nbn:sk:snk-am00573z 
040 |a SNK  |b slo  |c SNK  |e AACR2 
041 0 |a slo 
044 |a xo  |c SK 
072 7 |a 615  |x Farmácia. Farmakológia  |2 konspekt 
080 |a (075.8)  |2 2001 
080 |a (076.5)  |2 2001 
080 |a 615.01/.09  |2 2001 
100 1 |a Račanská, Eva,  |d 1949-  |4 aut  |9 253899 
245 1 0 |a Farmakológia  |b teoretická príprava a návody na praktické cvičenia  |c Eva Račanská a kolektív 
250 |a 2. vyd. 
260 |a Bratislava  |b Univerzita Komenského  |c 2008 
300 |a 127 s.  |b sch., tab.  |c 29 cm 
366 |e 150 výt. 
504 |a Bibliogr. odkazy. Prehľad najdôležitejších receptúrnych skrat. a výrazov 
650 0 7 |a farmakológia  |2 SNKPH  |9 2468 
650 0 7 |a Pharmacology  |2 SNKPHeng  |9 267834 
655 7 |a učebnice vysokých škôl  |2 SNKPH  |9 70191 
655 7 |a praktické cvičenia  |2 SNKPH  |9 70517 
655 7 |a Textbooks (higher)  |2 SNKPHeng  |9 276436 
655 7 |a Problems, exercises, etc.  |2 SNKPHeng  |9 278342 
700 1 |a Holub, Peter  |4 aut  |9 594755 
700 1 |a Matejka, Peter  |4 aut  |9 272364 
700 1 |a Švec, Pavel,  |d 1940-2015  |4 aut  |9 178265 
919 |a 978-80-223-2457-1 
958 |a OND 
958 |a NB 
958 |a MI 
968 |d 61 
999 |c 914813  |d 916743 
952 |a SNK  |b SNK  |y PREZ  |7 0  |p 17A0593057  |o snkSB 76319  |i snk2008/12963  |8 0  |0 0  |1 0  |4 0  |d 2008-06-25  |f 1  |l 0  |r 2025-04-30 00:00:00  |w 2026-02-24 
952 |a SNK  |b SNK  |y VYP  |7 0  |p 17A0593056  |o snkSB 76319 D1  |i snk2008/12964  |8 0  |0 0  |1 0  |4 0  |d 2008-06-25  |l 0  |r 2016-06-30 00:00:00  |w 2026-02-24